Skocznie narciarskie znajdujące się na terenie USA - Statystyki

Ogólne statystyki
  • Ten quiz został rozwiązany 36 razy
  • Średni wynik to 3 z 9
Statystyki odpowiedzi
% Poprawnych
Iron Mountain
83%
Park City
62%
Ironwood
59%
Lake Placid
59%
Steamboat Springs
17%
Eau Claire
14%
Brattleboro
10%
Ishpeming
10%
Westby
7%
Nie znaleziono quizów pasujących do podanych kryteriów
Rozkład punktacji
Procent ludzi z każdym wynikiem
Percentyl według liczby udzielonych odpowiedzi
Twoja historia wyników
Nie rozwiązałeś tego quizu